000 01450nam a2200373Ia 4500
001 ebr10175725
003 CaPaEBR
006 m u
007 cr cn|||||||||
008 060831s2007 nyu sb 000 0 eng d
010 _z 2006050991
020 _z1403977577 (alk. paper)
040 _aCaPaEBR
_cCaPaEBR
035 _a(OCoLC)648246883
043 _an-us---
050 1 4 _aPR3562
_b.T47 2007eb
082 0 4 _a821/.4
_222
100 1 _aThickstun, Margaret Olofson,
_d1956-
245 1 0 _aMilton's Paradise lost
_h[electronic resource] :
_bmoral education /
_cMargaret Olofson Thickstun.
260 _aNew York :
_bPalgrave Macmillan,
_c2007.
300 _axiv, 184 p.
504 _aIncludes bibliographical references.
533 _aElectronic reproduction.
_bPalo Alto, Calif. :
_cebrary,
_d2009.
_nAvailable via World Wide Web.
_nAccess may be limited to ebrary affiliated libraries.
600 1 0 _aMilton, John,
_d1608-1674.
_tParadise lost
_xStudy and teaching.
600 1 0 _aMilton, John,
_d1608-1674
_xEthics.
650 0 _aEducation in literature.
650 0 _aEthics in literature.
650 0 _aMoral education
_zUnited States.
650 0 _aEducation
_xPhilosophy.
650 0 _aEducation
_xPsychological aspects.
655 7 _aElectronic books.
_2local
710 2 _aebrary, Inc.
856 4 0 _uhttp://site.ebrary.com/lib/rucke/Doc?id=10175725
_zAn electronic book accessible through the World Wide Web; click to view
999 _c237980
_d237980